| 000 | 00436nam a2200169 a 4500 | ||
|---|---|---|---|
| 001 | 2491 | ||
| 003 | CDMR | ||
| 005 | 20131126114002.0 | ||
| 008 | 130130s1931||||||||||||||||||||||||||||d | ||
| 040 |
_aCDMR _bcat _cCDMR |
||
| 100 | 1 |
_aRival, Albert _91866 |
|
| 245 | 1 | 3 |
_aLe journalisme appris en 18 leçons _cAlbert Rival |
| 260 |
_aParis _c1931 _bAlbin Michel |
||
| 300 | _a76 p. | ||
| 490 | 0 | _aCollection de Vulgarisatiom | |
| 942 |
_cMON _2udc |
||
| 999 |
_c2491 _d2491 |
||